| 000 | 00949nam0a2200301 4500 | ||
|---|---|---|---|
| 001 | RU\NLR\BIBL_A\011960881 | ||
| 005 | 20190412150549.0 | ||
| 010 |
_a978-5-91556-440-3 _9400 |
||
| 021 |
_aRU _bКН-П-19-010447 _9КН-П-19-0768 |
||
| 035 | _a(NLR Aleph) 011960881 | ||
| 035 | _a(RuMoRGB)009897150 | ||
| 090 |
_a11203537 _c11203537 |
||
| 100 | _a20190315d2018 u y0rusy50 ca | ||
| 101 | 0 | _arus | |
| 102 | _aRU | ||
| 105 | _ay zzzz||||0yd | ||
| 200 | 1 |
_aВлияние предков на мою судьбу _fМихалюк Нэля |
|
| 210 |
_aБарнаул _cКолмогоров И. А _d2018 |
||
| 215 |
_a209 с. _d21 |
||
| 606 | 1 |
_aПсихогенетика _92098542 _3RU\NLR\AUTH\661269470 |
|
| 610 | 0 | _aпсихогенетика | |
| 686 | 1 | _aЮ92-201 | |
| 700 | 1 |
_aМихалюк _bН. _gНэля |
|
| 942 | _cBOOK | ||
| 980 | _aNBR | ||
| 980 | _aNB | ||